| 000 | 00566nam a22002057a 4500 | ||
|---|---|---|---|
| 001 | 00028438 | ||
| 005 | 20260304090711.0 | ||
| 008 | 260304b ag ||||| |||| 00| 0 spa d | ||
| 040 |
_aAR-CcCEOS _bspa _cAR-CcCEOS |
||
| 041 | _aspa | ||
| 080 | _a820-4(082) | ||
| 090 | _bMON | ||
| 100 | 1 |
_aMontaigne, Michel de, _d1533-1592 _9744 |
|
| 245 |
_aEnsayos : _btomo II / _cMiguel de Montaigne |
||
| 264 |
_aBuenos Aires : _bEl Ateneo. |
||
| 300 |
_a740 p. ; _c19x13 cm. |
||
| 490 | _vColección Clásicos Inolvidables | ||
| 655 | 0 |
_aensayo _9519 |
|
| 942 |
_2udc _cBK _n0 |
||
| 999 |
_c28464 _d28464 |
||